| 000 | 00697nam a22002537a 4500 | ||
|---|---|---|---|
| 008 | 130618b xxu||||| |||| 00| 0 eng d | ||
| 020 | _a978-81-7473-363-9 | ||
| 024 | _cAvailable | ||
| 037 | _cAvailable | ||
| 040 |
_aMBSTU LIBRARY _dMBSTU LIBRARY |
||
| 082 |
_222 _a620.8 KAI |
||
| 100 | _aKanita, Dr. | ||
| 245 | _aIndustrial biotechnology. | ||
| 260 |
_aIndia _bA I T B S Publishers. _c2009 |
||
| 300 |
_a22 cm. _b385 page _f13 _g22 cm. |
||
| 600 | _2Biotechnology. | ||
| 610 | _aIndustrial building. | ||
| 650 | _2Biotechnology. | ||
| 700 | _aKanita, Dr. | ||
| 270 |
_aIndia _bIndia _dIndia |
||
| 365 |
_b272.00 _d272.00 |
||
| 942 |
_2ddc _cBK |
||
| 999 |
_c490 _d490 |
||